| 000 | 00619nam a2200205Ii 4500 | ||
|---|---|---|---|
| 001 | 2545 | ||
| 003 | CO-ViMGA | ||
| 008 | 241108s9999||||xx |||||||||||||| ||und|| | ||
| 040 |
_aCO-ViMGA _bspa _erda _cCO-ViMGA |
||
| 041 | 0 | _aspa | |
| 082 | 0 | 4 | _aFA. 986.03 - O53m |
| 100 | 1 |
_aDaniel Florencio O`Leary _945907 |
|
| 245 | 1 | 0 | _aMemorias del general O`Leary |
| 264 | 1 | _aCaracas, Venezuela : Ministerio de la Defensa Venezuela, 1981 | |
| 300 | _avolumen | ||
| 336 |
_atext _btxt _2rdacontent |
||
| 337 |
_aunmediated _bn _2rdamedia |
||
| 338 |
_avolume _bnc _2rdacarrier |
||
| 940 | _aidficha_siabuc: 2488. -- ficha_no_siabuc:2545 | ||
| 999 |
_c40448 _d40448 |
||